<?xml version="1.0" encoding="UTF-8"?>
<record
    xmlns:xsi="http://www.w3.org/2001/XMLSchema-instance"
    xsi:schemaLocation="http://www.loc.gov/MARC21/slim http://www.loc.gov/standards/marcxml/schema/MARC21slim.xsd"
    xmlns="http://www.loc.gov/MARC21/slim">

  <leader>00776nam a22002057a 4500</leader>
  <controlfield tag="001">85589</controlfield>
  <controlfield tag="003">BD-RjUL</controlfield>
  <controlfield tag="005">20250827170847.0</controlfield>
  <controlfield tag="008">250827s1976    ii ||||| |||| 00| 0 urd d</controlfield>
  <datafield tag="035" ind1=" " ind2=" ">
    <subfield code="a">(BD-RjUL)85589</subfield>
  </datafield>
  <datafield tag="040" ind1=" " ind2=" ">
    <subfield code="a">BD-RjUL</subfield>
    <subfield code="b">eng</subfield>
    <subfield code="c">BD-RjUL</subfield>
  </datafield>
  <datafield tag="041" ind1=" " ind2=" ">
    <subfield code="a">urd</subfield>
  </datafield>
  <datafield tag="082" ind1=" " ind2=" ">
    <subfield code="2">23</subfield>
    <subfield code="a">891.43909</subfield>
    <subfield code="b">KHH 1976</subfield>
  </datafield>
  <datafield tag="100" ind1=" " ind2=" ">
    <subfield code="a">&#x62E;&#x627;&#x6BA;&#x60C; &#x649;&#x648;&#x633;&#x641; &#x62D;&#x633;&#x6CC;&#x646; ;;; Khan, Yusuf Hussain</subfield>
    <subfield code="9">16694</subfield>
  </datafield>
  <datafield tag="245" ind1=" " ind2=" ">
    <subfield code="a">&#x62D;&#x627;&#x641;&#x638; &#x627;&#x648;&#x631; &#x627;&#x642;&#x628;&#x627;&#x644; / &#x1E24;&#x101;fiz&#x324; aur Iqb&#x101;l /</subfield>
    <subfield code="c">&#x6CC;&#x648;&#x633;&#x641; &#x62D;&#x633;&#x6CC;&#x646; &#x62E;&#x627;&#x6BA;., &#x60C; author (Author) / Y&#x16B;suf &#x1E24;usain K&#x332;h&#x332;&#x101;n&#x332;., Yusuf Husain Khan (Author)</subfield>
  </datafield>
  <datafield tag="260" ind1=" " ind2=" ">
    <subfield code="a"> Na&#x2BC;&#x12B; Dihl&#x12B;: </subfield>
    <subfield code="b"> &#x63A;&#x627;&#x644;&#x628; &#x627;&#x6A9;&#x649;&#x688;&#x645;&#x649;&#x60C;, / G&#x332;h&#x332;&#x101;lib Akai&#x1E0D;m&#x12B;, </subfield>
    <subfield code="c">1976</subfield>
  </datafield>
  <datafield tag="300" ind1=" " ind2=" ">
    <subfield code="a">422 pages : </subfield>
    <subfield code="b">illustrations ;</subfield>
    <subfield code="c"> 23 cm</subfield>
  </datafield>
  <datafield tag="650" ind1=" " ind2=" ">
    <subfield code="a">Urdu poetry</subfield>
    <subfield code="v"> History and criticism</subfield>
  </datafield>
  <datafield tag="942" ind1=" " ind2=" ">
    <subfield code="2">ddc</subfield>
    <subfield code="c">BK</subfield>
  </datafield>
  <datafield tag="999" ind1=" " ind2=" ">
    <subfield code="c">85589</subfield>
    <subfield code="d">85589</subfield>
  </datafield>
  <datafield tag="952" ind1=" " ind2=" ">
    <subfield code="0">0</subfield>
    <subfield code="1">0</subfield>
    <subfield code="2">ddc</subfield>
    <subfield code="4">0</subfield>
    <subfield code="7">1</subfield>
    <subfield code="8">NFIC</subfield>
    <subfield code="a">RUCL</subfield>
    <subfield code="b">RUCL</subfield>
    <subfield code="c">Reading</subfield>
    <subfield code="d">1980-03-27</subfield>
    <subfield code="e">India Intternational</subfield>
    <subfield code="g">25.00</subfield>
    <subfield code="l">0</subfield>
    <subfield code="o">U 891.43909 KHH  1976</subfield>
    <subfield code="r">2025-08-27 00:00:00</subfield>
    <subfield code="t">C-10</subfield>
    <subfield code="w">2025-08-27</subfield>
    <subfield code="y">BK</subfield>
  </datafield>
</record>
